| 000 | 00963nam a2200253 c 4500 | ||
|---|---|---|---|
| 005 | 20210202165802.0 | ||
| 008 | 120830s2010 sp |||gr|||| 00| 0 spa d | ||
| 020 | _a9788498414035 | ||
| 040 |
_aCO-BoUCM _bspa _cDeissy Garcia _dDeissy Garcia |
||
| 041 | 0 | _aspa | |
| 100 | 1 |
_aPérez y Rodríguez, Pascual _9101799 |
|
| 245 | 1 | 3 |
_aLa urna sangrienta o el panteón de scianella _cPascual Pérez y Rodríguez ; prólogo de Luis Alberto de Cuenca ; edición de Miriam López Santos |
| 260 |
_aMadrid _bSiruela _c2010 |
||
| 300 | _a300 páginas | ||
| 490 | 0 |
_aLibros del tiempo _v296 |
|
| 504 | _aIncluye referencias bibliográficas | ||
| 650 |
_aNovela española _920500 |
||
| 650 |
_aLiteratura española _97793 |
||
| 650 | 7 |
_925423 _aTerror en la literatura |
|
| 700 | 1 |
_9102169 _aCuenca, Luis Alberto de _eprólogo |
|
| 700 | 1 |
_9102170 _aLópez Santos, Miriam _eeditor |
|
| 942 |
_cLIBRO _2DEWEY _a18 _e1 _h863 _mP944u _n0 |
||
| 999 |
_c318356 _d318356 |
||